000
00347nam a2200145Ia 4500
008
230718s9999 xx 000 0 und d
041
_a
Eng.
082
_a
340.59
_b
SYE-T
100
_a
Syed naveed Abbas
245
4
_a
The Qanu e Shahadat order, 1987
260
_a
Pakistan
_b
Punjab law Book
_c
2013
300
_a
96
650
_a
Law
999
_c
30016
_d
30016